000 00357 a2200169 4500
001 182815
020 _a85-08-07553-7
040 _cMagnum
100 _aSabino, Fernando
240 1 0 _aDuas novelas de amor
_lpor
245 1 0 _aDuas novelas de amor
300 _a112
362 0 _a2000
440 1 _aÁtica
697 _aLITERATURA GERAL
942 _cBK
999 _c182815
_d182815